[Event "K41 Aabent Mesterskab 2009-10"]
[Site "Valby"]
[Date "2010.01.19"]
[Round "5"]
[White "Truelsen, Ole Illum"]
[Black "Kristensen, Steffen Michael"]
[Result "1-0"]
[WhiteElo "1715"]
[BlackElo "1390"]
[PlyCount "33"]
[EventDate "2009.??.??"]

1. c4 e5 2. Nc3 Bc5 3. g3 Nf6 4. Bg2 O-O 5. e3 Nc6 6. Nge2 Ne7 7. d4 exd4 8.
exd4 Bb4 9. Qb3 Bxc3+ 10. bxc3 c6 11. c5 d5 12. cxd6 Qxd6 13. Ba3 Qc7 14. Nf4
Re8 15. O-O a5 16. Rfe1 a4 17. Qb4 1-0

[Event "K41 Aabent Mesterskab 2009-10"]
[Site "Valby"]
[Date "2010.01.19"]
[Round "5"]
[White "Wadtland, Flemming"]
[Black "Krogh, Soren"]
[Result "0-1"]
[WhiteElo "1170"]
[BlackElo "1183"]
[PlyCount "82"]
[EventDate "2009.??.??"]

1. b3 f5 2. Bb2 Nf6 3. c4 e6 4. e3 c5 5. g3 Nc6 6. d4 cxd4 7. exd4 Bb4+ 8. Nc3
O-O 9. a3 Bxc3+ 10. Bxc3 Ne4 11. Bb2 a5 12. f3 Nf6 13. Bd3 Nh5 14. f4 Nf6 15.
Qc2 b6 16. Nf3 Bb7 17. O-O Rc8 18. Rad1 Qc7 19. d5 Nd8 20. Rf2 Nf7 21. Re1 Rfe8
22. Rfe2 exd5 23. Bxf6 Rxe2 24. Qxe2 gxf6 25. Bxf5 dxc4 26. bxc4 Qc5+ 27. Kg2
Qxf5 28. Kf1 Nd6 29. Nd4 Qc5 30. Qg4+ Kf7 31. Qxd7+ Kg8 32. Qe6+ Kg7 33. Qg4+
Kh8 34. Ne6 Qxc4+ 35. Kg1 Rg8 36. Qh4 Qc3 37. g4 f5 38. g5 Qf3 39. Qxh7+ Kxh7
40. g6+ Rxg6+ 41. Ng5+ Rxg5+ 0-1

[Event "K41 Aabent Mesterskab 2009-10"]
[Site "Valby"]
[Date "2010.01.19"]
[Round "5"]
[White "Weber, John"]
[Black "Rasmussen, Morten(1956)"]
[Result "0-1"]
[WhiteElo "1776"]
[BlackElo "1599"]
[PlyCount "76"]
[EventDate "2009.??.??"]

1. f4 d6 2. d4 Nf6 3. Nc3 Bf5 4. e3 Nbd7 5. Bd3 Bxd3 6. Qxd3 c6 7. Nf3 d5 8. e4
dxe4 9. Nxe4 Nxe4 10. Qxe4 Nf6 11. Qd3 e6 12. O-O Be7 13. Bd2 O-O 14. Rae1 Qc7
15. c3 Rfd8 16. Qe2 Bd6 17. Ne5 Nd5 18. Qg4 c5 19. f5 Nf6 20. Qh3 cxd4 21. cxd4
exf5 22. Qxf5 Bc5 23. dxc5 Rxd2 24. Qg5 Qxc5+ 25. Kh1 Rf2 26. h4 Rd8 27. Qg3
Ne4 28. Rxe4 Rxf1+ 29. Kh2 Qg1+ 30. Kh3 Qh1+ 31. Qh2 Qxh2+ 32. Kxh2 g6 33. Nc4
Rc1 34. Na5 b6 35. Nb3 Rc2 36. Re7 Ra8 37. Nd4 Rxb2 38. a4 Rb4 0-1

[Event "K41 Aabent Mesterskab 2009-10"]
[Site "Valby"]
[Date "2010.01.26"]
[Round "6"]
[White "Abildgaard, Kenneth"]
[Black "Ottosen, Peder"]
[Result "0-1"]
[WhiteElo "1843"]
[BlackElo "2033"]
[PlyCount "78"]
[EventDate "2009.??.??"]

1. Nf3 d5 2. c4 c6 3. cxd5 cxd5 4. d4 Nf6 5. Nc3 Nc6 6. g3 Bf5 7. Bg2 e6 8. Nh4
Bg4 9. h3 Bh5 10. g4 Bg6 11. Nxg6 hxg6 12. Bf4 Qb6 13. Qd2 Qxd4 14. Qxd4 Nxd4
15. O-O-O Nc6 16. Nb5 Rc8 17. Kb1 a6 18. Nd6+ Bxd6 19. Bxd6 Ne4 20. Bxe4 dxe4
21. e3 f6 22. h4 Kf7 23. g5 Rhd8 24. Rd2 Ne5 25. Rdd1 Nf3 26. Bg3 Nd2+ 27. Ka1
Rd5 28. Rc1 Rdc5 29. Rxc5 Rxc5 30. a3 fxg5 31. hxg5 Rxg5 32. Rd1 Rd5 33. Ka2 b5
34. Rc1 Nc4 35. Kb3 Ke7 36. Rg1 Rd2 37. Rb1 Kd7 38. Kc3 Kc6 39. b3 Rd3+ 0-1

[Event "K41 Aabent Mesterskab 2009-10"]
[Site "Valby"]
[Date "2010.01.26"]
[Round "6"]
[White "Christensen, Esben"]
[Black "Jorgensen, Kasper Moller"]
[Result "1-0"]
[WhiteElo "1963"]
[BlackElo "2013"]
[PlyCount "61"]
[EventDate "2009.??.??"]

1. e4 c5 2. Nf3 Nc6 3. d4 cxd4 4. Nxd4 Nf6 5. Nc3 d6 6. a4 e6 7. Be2 Be7 8. O-O
O-O 9. Be3 Nb4 10. f4 d5 11. e5 Ne4 12. Nxe4 dxe4 13. Kh1 Bd7 14. c3 Nd5 15.
Bg1 f5 16. exf6 gxf6 17. f5 e5 18. Bc4 exd4 19. Bxd5+ Kh8 20. Qxd4 Rc8 21. Qxe4
Bc5 22. Rad1 Bxg1 23. Rxg1 Qb6 24. Rd2 Rce8 25. Qd4 Qxd4 26. cxd4 b6 27. g4
Bxa4 28. Ra1 Bb5 29. Rxa7 Re1+ 30. Kg2 Rc8 31. Ra8 1-0

[Event "K41 Aabent Mesterskab 2009-10"]
[Site "Valby"]
[Date "2010.01.26"]
[Round "6"]
[White "Gjelstrup, Ole"]
[Black "Eiholt, Bjarne"]
[Result "1-0"]
[WhiteElo "1438"]
[BlackElo "1360"]
[PlyCount "57"]
[EventDate "2009.??.??"]

1. d4 d5 2. Nf3 Nf6 3. b3 c6 4. Bb2 e6 5. Nbd2 Bd6 6. e3 O-O 7. Bd3 Nbd7 8. O-O
Re8 9. Ne5 Qc7 10. f4 b6 11. g4 Nf8 12. g5 N6d7 13. Qh5 g6 14. Qh6 f6 15. Ng4
Qd8 16. Nf3 Be7 17. h4 e5 18. dxe5 Ne6 19. exf6 Bf8 20. f7+ Kxf7 21. Qxh7+ Bg7
22. Bxg6+ Kf8 23. Nf6 Nxf6 24. gxf6 Qd7 25. fxg7+ Nxg7 26. Qh8+ Ke7 27. Qxg7+
Kd8 28. Qxd7+ Bxd7 29. Bxe8 1-0

[Event "K41 Aabent Mesterskab 2009-10"]
[Site "Valby"]
[Date "2010.01.26"]
[Round "6"]
[White "Glibstrup, Jakob"]
[Black "Nielsen, Leonard de Freitas"]
[Result "0-1"]
[WhiteElo "1954"]
[BlackElo "1930"]
[PlyCount "94"]
[EventDate "2009.??.??"]

1. e4 c5 2. Nf3 e6 3. d4 cxd4 4. Nxd4 a6 5. Nc3 Qc7 6. Bd3 Nf6 7. O-O Bc5 8.
Nb3 Be7 9. Qe2 Nc6 10. f4 d6 11. a4 b6 12. Qf2 Nb4 13. h3 d5 14. e5 Nd7 15. Be3
Nc5 16. Nc1 g6 17. Rd1 Bb7 18. Bf1 O-O 19. Nd3 Nbxd3 20. cxd3 Rac8 21. g4 d4
22. Bxd4 Nb3 23. Bxb6 Qc6 24. Ne4 Nxa1 25. Rxa1 Qc2 26. Nd6 Qxf2+ 27. Kxf2 Rc2+
28. Be2 Rxb2 29. a5 Bd5 30. Rc1 f6 31. Nc8 Ba3 32. Ra1 Bb4 33. Bd4 Rxe2+ 34.
Kxe2 fxe5 35. Bxe5 Rxc8 36. Ra4 Rc2+ 37. Ke3 Bd2+ 38. Kd4 Be1 39. Bd6 Kf7 40.
f5 g5 41. Bb4 Bf2+ 42. Ke5 Bg3+ 43. Kd4 Kf6 44. Bd2 Rxd2 45. fxe6 Kxe6 46. Kc5
Bf2+ 47. d4 Rb2 0-1

[Event "K41 Aabent Mesterskab 2009-10"]
[Site "Valby"]
[Date "2010.01.26"]
[Round "6"]
[White "Greger, Roland Reinhard"]
[Black "Gjedde, Thomas"]
[Result "1-0"]
[WhiteElo "2370"]
[BlackElo "2057"]
[PlyCount "81"]
[EventDate "2009.??.??"]

1. e4 e5 2. Nf3 Nc6 3. d4 exd4 4. Nxd4 Bc5 5. Be3 Qf6 6. c3 Nge7 7. Bc4 Ne5 8.
Be2 Qg6 9. O-O d6 10. f4 Qxe4 11. Bf2 Bxd4 12. cxd4 N5g6 13. g3 O-O 14. Nc3 Qf5
15. d5 Qd7 16. Bf3 Qd8 17. Rc1 Bh3 18. Re1 Qd7 19. Ne4 h6 20. Qd4 f6 21. Qc4
Rfc8 22. Bd4 Kh8 23. Nf2 c6 24. Nxh3 Qxh3 25. Qe2 Qd7 26. Bg4 f5 27. Bh5 cxd5
28. Rcd1 Kh7 29. Qe6 Qxe6 30. Rxe6 Rc7 31. Rxd6 Rac8 32. Bc3 Nh8 33. Re6 g6 34.
Bf3 Nf7 35. Rde1 Nc6 36. Bxd5 Rd7 37. Bb3 Rd6 38. Re7 Nxe7 39. Rxe7 Rf8 40.
Bxf7 Rxf7 41. Rxf7+ 1-0

[Event "K41 Aabent Mesterskab 2009-10"]
[Site "Valby"]
[Date "2010.01.26"]
[Round "6"]
[White "Hojland, Ulrik"]
[Black "Egholm, Leif"]
[Result "1-0"]
[WhiteElo "1122"]
[BlackElo "1621"]
[PlyCount "65"]
[EventDate "2009.??.??"]

1. e4 c5 2. Nf3 Nc6 3. d4 cxd4 4. Nxd4 d6 5. Nc3 g6 6. Be2 Bg7 7. Nb3 Bd7 8.
O-O Rc8 9. Kh1 Nf6 10. Bg5 O-O 11. f4 Re8 12. f5 Ne5 13. Qd2 Bc6 14. Bd3 a6 15.
Nd4 Qb6 16. Nxc6 Qxc6 17. fxg6 hxg6 18. h3 Nh7 19. Bh6 Bh8 20. Nd5 Nxd3 21.
cxd3 Qc2 22. Qf4 f6 23. Qg4 Kf7 24. Nf4 Nf8 25. Bxf8 Kxf8 26. Qxg6 e5 27. Nd5
Re6 28. Nxf6 Bxf6 29. Rxf6+ Rxf6 30. Qxf6+ Ke8 31. Qe6+ Kd8 32. Qxd6+ Ke8 33.
Rf1 1-0

[Event "K41 Aabent Mesterskab 2009-10"]
[Site "Valby"]
[Date "2010.01.26"]
[Round "6"]
[White "Jorgensen, Orla Eilegaard"]
[Black "Weber, John"]
[Result "0-1"]
[WhiteElo "1643"]
[BlackElo "1776"]
[PlyCount "100"]
[EventDate "2009.??.??"]

1. f4 f5 2. Nf3 Nf6 3. e3 b6 4. g3 Bb7 5. Bg2 Nc6 6. d3 d6 7. Nc3 Qd7 8. a3 g6
9. e4 e6 10. b4 Bg7 11. exf5 gxf5 12. Rb1 O-O-O 13. Bb2 Rhg8 14. O-O Ng4 15.
Qd2 Nd4 16. Kh1 Nxf3 17. Bxf3 Bxf3+ 18. Rxf3 Qc6 19. Rbf1 Kb8 20. Nd1 h5 21.
Bxg7 Rxg7 22. h3 Rdg8 23. Qe2 Ne5 24. fxe5 Rxg3 25. Kh2 Rg2+ 26. Qxg2 Rxg2+ 27.
Kxg2 Qxc2+ 28. R3f2 Qxd3 29. exd6 cxd6 30. Rf3 Qd2+ 31. Nf2 d5 32. Rd1 Qg5+ 33.
Rg3 Qf4 34. Rg7 d4 35. b5 e5 36. Rd3 Qh4 37. Rdg3 e4 38. Rg8+ Kc7 39. R3g7+ Kd6
40. Rg6+ Kc5 41. a4 e3 42. Rc6+ Kb4 43. Nd3+ Kxa4 44. Rc4+ Kb3 45. Rb4+ Kc3 46.
Rc8+ Kxd3 47. Rb3+ Ke4 48. Re8+ Kd5 49. Rd3 Qf2+ 50. Kh1 Qf1+ 0-1

[Event "K41 Aabent Mesterskab 2009-10"]
[Site "Valby"]
[Date "2010.01.26"]
[Round "6"]
[White "Jorgensen, Rasmus"]
[Black "Laursen, Niels Norskov"]
[Result "0-1"]
[WhiteElo "1928"]
[BlackElo "2172"]
[PlyCount "52"]
[EventDate "2009.??.??"]

1. e4 c5 2. Nf3 e6 3. d4 cxd4 4. Nxd4 a6 5. Nc3 Qc7 6. Bd3 Nf6 7. O-O Bc5 8.
Nb3 Be7 9. a4 Nc6 10. f4 d6 11. a5 b5 12. axb6 Qxb6+ 13. Kh1 O-O 14. Qe2 Nb4
15. Be3 Qc7 16. Nb5 Qb8 17. N5d4 Bd7 18. Na5 Rc8 19. g4 d5 20. e5 Ne4 21. Bxe4
dxe4 22. Bg1 Nxc2 23. Qxe4 Nxa1 24. Rxa1 Qb4 25. f5 Bd8 26. Qb7 Bc6+ 0-1

[Event "K41 Aabent Mesterskab 2009-10"]
[Site "Valby"]
[Date "2010.01.26"]
[Round "6"]
[White "Kristensen, Steffen Michael"]
[Black "Henriksen, Christian"]
[Result "0-1"]
[WhiteElo "1390"]
[BlackElo "1690"]
[PlyCount "58"]
[EventDate "2009.??.??"]

1. c4 Nf6 2. d4 g6 3. Nc3 Bg7 4. e4 d6 5. Nf3 O-O 6. Be2 e5 7. dxe5 dxe5 8.
Qxd8 Rxd8 9. O-O c6 10. Bg5 h6 11. Bxf6 Bxf6 12. Rad1 Rxd1 13. Rxd1 Be6 14. b3
Nd7 15. h3 Kf8 16. Bd3 Rd8 17. Bc2 Ke8 18. Kf1 Be7 19. Ne2 Bb4 20. a4 f6 21.
Ng3 Nc5 22. Rxd8+ Kxd8 23. Ke2 Bf7 24. Ke3 Ne6 25. Ke2 Kd7 26. Bb1 Kd6 27. Bc2
Kc5 28. Ne1 Nd4+ 29. Kf1 Bxe1 0-1

[Event "K41 Aabent Mesterskab 2009-10"]
[Site "Valby"]
[Date "2010.01.26"]
[Round "6"]
[White "Krogh, Soren"]
[Black "Olsen, Kim"]
[Result "0-1"]
[WhiteElo "1183"]
[BlackElo "1524"]
[PlyCount "92"]
[EventDate "2009.??.??"]

1. b4 d5 2. Bb2 Bf5 3. Nf3 Nd7 4. e3 a6 5. c4 c6 6. d3 Ngf6 7. Nbd2 e6 8. Qb3
Bd6 9. a4 O-O 10. Rc1 Qe7 11. c5 Bc7 12. Nh4 Rfe8 13. Ba1 Bg6 14. Qb2 Nh5 15.
Ndf3 e5 16. Be2 Bxd3 17. g4 Bxe2 18. gxh5 Bxf3 19. Nxf3 Qf6 20. Ke2 Qf5 21.
Rhg1 h6 22. Rg2 Nf6 23. b5 axb5 24. axb5 d4 25. Nd2 Qxh5+ 26. Kf1 Rad8 27. b6
Bb8 28. Nc4 Ng4 29. Kg1 Kf8 30. e4 Nf6 31. Re1 d3 32. Qd2 g5 33. Na5 Re7 34.
Bc3 Qg6 35. f3 Nh5 36. h4 Nf4 37. Rg4 f6 38. hxg5 fxg5 39. Nc4 Rdd7 40. Ne3 Rh7
41. Ng2 Ne2+ 42. Kf1 Nxc3 43. Qxc3 Rhf7 44. Kf2 Qe6 45. Ne3 Qa2+ 46. Kf1 Rxf3+
0-1

[Event "K41 Aabent Mesterskab 2009-10"]
[Site "Valby"]
[Date "2010.01.26"]
[Round "6"]
[White "Moller, Arne Vagn"]
[Black "Karup, Jesper"]
[Result "1-0"]
[WhiteElo "1790"]
[BlackElo "1706"]
[PlyCount "124"]
[EventDate "2009.??.??"]

1. e4 e6 2. d4 d5 3. Nc3 Bb4 4. e5 c5 5. a3 Bxc3+ 6. bxc3 Ne7 7. f4 Nbc6 8. Nf3
Bd7 9. Bd3 c4 10. Be2 b5 11. a4 bxa4 12. Ba3 Qa5 13. Qd2 Rb8 14. O-O O-O 15. g4
Rb5 16. Nh4 f6 17. f5 fxe5 18. fxe6 Rxf1+ 19. Rxf1 Bxe6 20. Qg5 Qd8 21. Nf5 Ng6
22. Qxd8+ Nxd8 23. dxe5 Bxf5 24. gxf5 Nxe5 25. f6 g6 26. Re1 Ndc6 27. Kf2 Kf7
28. Bf1 Kxf6 29. Bh3 g5 30. Kg3 Rb7 31. Rf1+ Kg6 32. Bf5+ Kg7 33. Be6 Ne7 34.
Bd6 N5g6 35. Rf7+ Kh6 36. Kg4 Rb6 37. Bxe7 Ne5+ 38. Kf5 Nxf7 39. Bxf7 Rb8 40.
Bxd5 Rb5 41. Ke4 Rb2 42. Kf5 Rxc2 43. Bxg5+ Kg7 44. Bf6+ Kf8 45. Bd4 Rxh2 46.
Bxc4 Rh5+ 47. Ke4 Ra5 48. Kd3 a3 49. Ba2 Rb5 50. c4 Rh5 51. Kc3 Rh3+ 52. Kb4
Ke7 53. Bxa7 Kd6 54. Bb3 h5 55. Kxa3 h4 56. Kb4 Rh1 57. c5+ Kc7 58. Bb6+ Kc6
59. Ba4+ Kb7 60. Bc2 Re1 61. Kb5 Re6 62. c6+ Kb8 1-0

[Event "K41 Aabent Mesterskab 2009-10"]
[Site "Valby"]
[Date "2010.01.26"]
[Round "6"]
[White "Mollmann, Erik"]
[Black "Meldal, Peter"]
[Result "1-0"]
[WhiteElo "1517"]
[BlackElo "1380"]
[PlyCount "67"]
[EventDate "2009.??.??"]

1. d4 d5 2. Bf4 c5 3. e3 Nc6 4. c3 e6 5. Nf3 Nf6 6. Nbd2 cxd4 7. exd4 Be7 8.
Bd3 O-O 9. Ne5 a6 10. O-O Bd6 11. Re1 Nd7 12. Nxf7 Rxf7 13. Bxd6 Qf6 14. Bg3 b5
15. Nf3 Bb7 16. Bh4 Qf4 17. Qc2 Qh6 18. Bg3 Rc8 19. Qe2 Re8 20. h4 g6 21. Ng5
Rf6 22. Qg4 Nd8 23. Re3 Bc8 24. Rae1 Nb6 25. Be5 Rf5 26. Rf3 Rxf3 27. Nxf3 Nf7
28. g3 Nxe5 29. Nxe5 Qd2 30. Re2 Qc1+ 31. Kg2 Na4 32. Bxg6 Re7 33. Bf7+ Kf8 34.
Qg8# 1-0

[Event "K41 Aabent Mesterskab 2009-10"]
[Site "Valby"]
[Date "2010.01.26"]
[Round "6"]
[White "Munk, Poul"]
[Black "Petersen, Steen Brustrup"]
[Result "1/2-1/2"]
[WhiteElo "1861"]
[BlackElo "2130"]
[PlyCount "82"]
[EventDate "2009.??.??"]

1. c4 e5 2. Nc3 Nf6 3. Nf3 Nc6 4. d4 e4 5. Nd2 Bb4 6. e3 Bxc3 7. bxc3 O-O 8.
Be2 Re8 9. O-O d6 10. Rb1 b6 11. Qc2 Bf5 12. Re1 Qd7 13. Nf1 h5 14. Ng3 Bg6 15.
Qd1 h4 16. Nh5 Bxh5 17. Bxh5 Na5 18. Be2 c5 19. f3 Qe6 20. d5 Qe5 21. f4 Qf5
22. Bd2 g6 23. Rf1 Kg7 24. Be1 Rh8 25. Bd2 Rh7 26. Be1 Rah8 27. Rb5 Qd7 28. Bd2
Ng8 29. Qa4 Qe7 30. Qd1 f5 31. Rb1 Nf6 32. Be1 Nh5 33. Rc1 Nb7 34. Bf2 Nf6 35.
Be1 Na5 36. Rb1 Qb7 37. Qa4 Qa6 38. Rb5 Qc8 39. Qd1 Qa6 40. Qa4 Qc8 41. Qd1 Qa6
1/2-1/2

[Event "K41 Aabent Mesterskab 2009-10"]
[Site "Valby"]
[Date "2010.01.26"]
[Round "6"]
[White "Nielsen, Soren Skovso"]
[Black "Mouritsen, Jan"]
[Result "1-0"]
[WhiteElo "1454"]
[BlackElo "1705"]
[PlyCount "79"]
[EventDate "2009.??.??"]

1. Nf3 Nf6 2. d4 e6 3. e3 b6 4. Be2 Bb7 5. b3 Be7 6. O-O O-O 7. Nbd2 d5 8. Re1
Nbd7 9. c3 c5 10. Bb2 Rc8 11. c4 Qc7 12. Rc1 Qb8 13. Rc2 cxd4 14. Nxd4 Rfd8 15.
Bf3 Ne5 16. Be2 dxc4 17. bxc4 Bb4 18. Rf1 Bxd2 19. Rxd2 Nxc4 20. Bxc4 Rxc4 21.
Nb5 Rxd2 22. Qxd2 Rc5 23. Nc3 Rh5 24. h3 Ng4 25. f4 Nf6 26. Rd1 h6 27. Qd4 Qc7
28. Qd8+ Qxd8 29. Rxd8+ Kh7 30. Rb8 Bd5 31. Rc8 Ne4 32. Rc7 Nd6 33. Rxa7 Nc4
34. Nxd5 Rxd5 35. Bd4 Kg6 36. g4 e5 37. fxe5 Nxe5 38. Bxb6 Rd6 39. Bc7 Rd7 40.
Ra6+ 1-0

[Event "K41 Aabent Mesterskab 2009-10"]
[Site "Valby"]
[Date "2010.01.26"]
[Round "6"]
[White "Nissen, Kaspar"]
[Black "Skjoldager, Mikael"]
[Result "0-1"]
[WhiteElo "1418"]
[BlackElo "1753"]
[PlyCount "50"]
[EventDate "2009.??.??"]

1. d4 Nf6 2. c4 g6 3. Nc3 d5 4. Nf3 Bg7 5. Bf4 O-O 6. e3 c5 7. Bd3 Bg4 8. h3
cxd4 9. Nxd5 Nxd5 10. cxd5 Bxf3 11. Qxf3 Qa5+ 12. Ke2 dxe3 13. Bxe3 Bxb2 14.
Bd2 Qa3 15. Bc1 Nd7 16. Qe3 Nc5 17. Bxb2 Qxb2+ 18. Kf3 Nxd3 19. Qxd3 Rac8 20.
Rab1 Qf6+ 21. Ke2 Rc3 22. Qe4 Rfc8 23. Rhd1 Rc2+ 24. Rd2 Rxd2+ 25. Kxd2 Qxf2+
0-1

[Event "K41 Aabent Mesterskab 2009-10"]
[Site "Valby"]
[Date "2010.01.26"]
[Round "6"]
[White "Porte, Henrik"]
[Black "Lofberg, Jan"]
[Result "1-0"]
[WhiteElo "2136"]
[BlackElo "1801"]
[PlyCount "53"]
[EventDate "2009.??.??"]

1. d4 Nf6 2. c4 c5 3. d5 b5 4. cxb5 a6 5. f3 d6 6. e4 g6 7. Nc3 Bg7 8. Be3 O-O
9. Qd2 Re8 10. bxa6 Bxa6 11. Bxa6 Nxa6 12. Nge2 Nd7 13. O-O c4 14. Nd4 Ne5 15.
f4 Nd3 16. b3 Qc8 17. Rfd1 Nac5 18. bxc4 Ra3 19. Ndb5 Bxc3 20. Nxc3 Qa6 21. Nb5
Nxe4 22. Qc2 Ndc5 23. Nxa3 Qxa3 24. Bd4 e5 25. dxe6 fxe6 26. Re1 d5 27. cxd5
1-0

[Event "K41 Aabent Mesterskab 2009-10"]
[Site "Valby"]
[Date "2010.01.26"]
[Round "6"]
[White "Rasmussen, Morten(1956)"]
[Black "Hestehauge, Klaus"]
[Result "1/2-1/2"]
[WhiteElo "1599"]
[BlackElo "1925"]
[PlyCount "57"]
[EventDate "2009.??.??"]

1. d4 Nf6 2. Bg5 e6 3. e3 Be7 4. Bd3 d5 5. c3 Nbd7 6. Nd2 b6 7. f4 Bb7 8. Bxf6
Nxf6 9. Ngf3 O-O 10. O-O c5 11. Ne5 Ne4 12. Qe2 f6 13. Ng4 Nxd2 14. Qxd2 f5 15.
Ne5 Bd6 16. Qe2 Rf6 17. Kh1 Bxe5 18. fxe5 Rg6 19. Rg1 Qh4 20. Rgf1 Qg4 21. Rf4
Qxe2 22. Bxe2 Rf8 23. Raf1 c4 24. g4 Bc8 25. Bf3 Rd8 26. gxf5 exf5 27. Bg2 Rh6
28. R4f3 g6 29. R1f2 1/2-1/2

[Event "K41 Aabent Mesterskab 2009-10"]
[Site "Valby"]
[Date "2010.01.26"]
[Round "6"]
[White "Tandrup, Michael"]
[Black "Christensen, Aage Niels"]
[Result "1-0"]
[WhiteElo "1934"]
[BlackElo "1391"]
[PlyCount "55"]
[EventDate "2009.??.??"]

1. d4 e6 2. Nf3 d5 3. e3 Nf6 4. b3 c5 5. Bb2 Nc6 6. Bd3 Bd6 7. O-O O-O 8. Nbd2
cxd4 9. exd4 Qc7 10. c4 b6 11. Rc1 Bb7 12. Re1 Qe7 13. cxd5 Nxd5 14. Nc4 Rfd8
15. Nxd6 Qxd6 16. Ng5 g6 17. Ne4 Qe7 18. Bc4 Rac8 19. Qd2 f6 20. Qh6 Qg7 21.
Qh4 g5 22. Qg3 h5 23. h4 g4 24. Nd6 Rb8 25. Nxb7 Qxb7 26. Rxe6 Kg7 27. Bxd5
Rxd5 28. Rexc6 1-0

[Event "K41 Aabent Mesterskab 2009-10"]
[Site "Valby"]
[Date "2010.01.26"]
[Round "6"]
[White "Truelsen, Ole Illum"]
[Black "Nielsen, Michael"]
[Result "0-1"]
[WhiteElo "1715"]
[BlackElo "2053"]
[PlyCount "84"]
[EventDate "2009.??.??"]

1. c4 Nf6 2. Nc3 e5 3. g3 Bc5 4. Bg2 Nc6 5. e3 d6 6. Nge2 Bf5 7. a3 Bd3 8. b4
Bb6 9. Qb3 O-O 10. Na4 e4 11. Bb2 Qd7 12. Nf4 Qf5 13. Bh3 Qg5 14. Nxd3 exd3 15.
Qxd3 Rfe8 16. O-O Qh6 17. Bg2 Ng4 18. h3 Nge5 19. Qe2 Nd7 20. Rac1 Rab8 21.
Rfd1 a5 22. b5 Nd8 23. d4 Ne6 24. Nxb6 cxb6 25. a4 Ng5 26. Kh2 Nf6 27. Ba3 Nge4
28. Rd3 Nxf2 29. Rb3 N6g4+ 30. Kg1 Nxh3+ 31. Bxh3 Qxh3 32. Bxd6 Rbd8 33. c5
bxc5 34. dxc5 Nf6 35. Qg2 Qe6 36. Rd3 Qf5 37. Rb3 Qe6 38. Rd3 Qf5 39. Rb3 Ne4
40. Rd3 Ng5 41. Rd5 Nf3+ 42. Kf2 Qxd5 0-1

[Event "K41 Aabent Mesterskab 2009-10"]
[Site "Valby"]
[Date "2010.01.26"]
[Round "6"]
[White "Wadtland, Flemming"]
[Black "Nielsen, Jorgen Holmstrom"]
[Result "1-0"]
[WhiteElo "1170"]
[BlackElo "1650"]
[PlyCount "104"]
[EventDate "2009.??.??"]

1. c4 Nf6 2. Nf3 d5 3. e3 Bg4 4. cxd5 Nxd5 5. h3 Bh5 6. Qa4+ Qd7 7. Qxd7+ Nxd7
8. d4 O-O-O 9. a3 Bxf3 10. gxf3 e5 11. Nc3 N5b6 12. Rg1 exd4 13. exd4 g6 14.
Bf4 a6 15. Rc1 Re8+ 16. Kd1 Na8 17. h4 Bg7 18. Ne2 Ndb6 19. Bg2 Nd5 20. Bg3 Re7
21. f4 Rd8 22. f5 Ndb6 23. fxg6 fxg6 24. Bh3+ Kb8 25. Rc2 Bxd4 26. Rd2 Rxe2 27.
Kxe2 Bf6 28. Rgd1 Rxd2+ 29. Rxd2 Nc4 30. Rc2 Nxb2 31. Bd7 b5 32. Rc6 Be7 33.
Rxa6 Nc4 34. Bxb5 Nxa3 35. Bd7 Nc4 36. Re6 Bd6 37. Bxd6 Nxd6 38. Re7 h6 39. Rg7
Nb6 40. Rg8+ Kb7 41. Be8 g5 42. hxg5 hxg5 43. Bh5 Nd5 44. Rxg5 Nc3+ 45. Kd3
Ncb5 46. f4 c6 47. f5 c5 48. f6 c4+ 49. Ke3 Nc7 50. f7 Ne6 51. Rg8 Nf5+ 52. Kd2
Ng3 1-0

[Event "K41 Aabent Mesterskab 2009-10"]
[Site "Valby"]
[Date "2010.02.09"]
[Round "7"]
[White "Christensen, Aage Niels"]
[Black "Truelsen, Ole Illum"]
[Result "1/2-1/2"]
[WhiteElo "1391"]
[BlackElo "1715"]
[PlyCount "26"]
[EventDate "2009.??.??"]

1. f4 d5 2. e3 c5 3. Nf3 Nc6 4. Be2 Nf6 5. O-O e6 6. d3 Bd6 7. Bd2 O-O 8. Qe1
b6 9. c3 Qc7 10. Na3 a6 11. Nh4 Bd7 12. g4 h6 13. Qg3 g5 1/2-1/2

[Event "K41 Aabent Mesterskab 2009-10"]
[Site "Valby"]
[Date "2010.02.09"]
[Round "7"]
[White "Christensen, Esben"]
[Black "Greger, Roland Reinhard"]
[Result "1-0"]
[WhiteElo "1963"]
[BlackElo "2370"]
[PlyCount "73"]
[EventDate "2009.??.??"]

1. e4 e6 2. d4 d5 3. Nd2 Nf6 4. e5 Nfd7 5. Bd3 c5 6. c3 Nc6 7. Ne2 cxd4 8. cxd4
f6 9. Nf4 Nxd4 10. Qh5+ Ke7 11. exf6+ Nxf6 12. Ng6+ hxg6 13. Qxh8 Kf7 14. O-O
e5 15. Nb3 Nxb3 16. axb3 Bd7 17. Be3 a6 18. Qh4 Bc6 19. f3 Qd6 20. Rac1 Nd7 21.
f4 e4 22. f5 Kg8 23. fxg6 Qxg6 24. Be2 Nf6 25. Bd4 Bb4 26. Bxf6 gxf6 27. Rxf6
Qg7 28. Bg4 Re8 29. Be6+ Rxe6 30. Rxe6 Bd7 31. Rh6 Bf8 32. Rh5 Be7 33. Qf4 Bc6
34. Rf1 Be8 35. Rxd5 e3 36. Qxe3 Bc6 37. Qe6+ 1-0

[Event "K41 Aabent Mesterskab 2009-10"]
[Site "Valby"]
[Date "2010.02.09"]
[Round "7"]
[White "Egholm, Leif"]
[Black "Mollmann, Erik"]
[Result "1/2-1/2"]
[WhiteElo "1621"]
[BlackElo "1517"]
[PlyCount "92"]
[EventDate "2009.??.??"]

1. e4 Nc6 2. d4 e5 3. d5 Nce7 4. Nf3 Ng6 5. Be2 Nf6 6. Bg5 h6 7. Bxf6 Qxf6 8.
g3 Be7 9. a3 Qb6 10. O-O h5 11. h4 d6 12. Nbd2 c5 13. Nc4 Qd8 14. Kg2 f5 15.
Ng5 O-O 16. Rh1 f4 17. Bxh5 Bxg5 18. Bxg6 f3+ 19. Kf1 Bh6 20. Ne3 Bxe3 21. fxe3
Bg4 22. Kf2 Qb6 23. Qd3 c4 24. Qc3 Qc7 25. h5 b5 26. Rh4 Qd7 27. Rah1 Rf6 28.
Qd2 Raf8 29. c3 Qc8 30. R1h2 Bd7 31. Qd1 Be8 32. Qh1 Bxg6 33. hxg6 Rxg6 34.
Rh8+ Kf7 35. Rxf8+ Qxf8 36. Rh8 Qe7 37. Qh3 a5 38. Qc8 Rh6 39. Rxh6 gxh6 40.
Qf5+ Kg7 41. Kxf3 Qf6 42. Qxf6+ Kxf6 43. Kg4 Kg6 44. Kh4 h5 45. g4 hxg4 46.
Kxg4 a4 1/2-1/2

[Event "K41 Aabent Mesterskab 2009-10"]
[Site "Valby"]
[Date "2010.02.09"]
[Round "7"]
[White "Eiholt, Bjarne"]
[Black "Kristensen, Steffen Michael"]
[Result "1-0"]
[WhiteElo "1360"]
[BlackElo "1390"]
[PlyCount "49"]
[EventDate "2009.??.??"]

1. d4 Nf6 2. c4 e6 3. Nc3 Bb4 4. Qc2 c5 5. dxc5 Bxc5 6. Nf3 Nc6 7. a3 d5 8.
cxd5 Nxd5 9. Bg5 Qb6 10. e3 Bd7 11. Be2 h6 12. Bh4 O-O 13. O-O Nxc3 14. Qxc3
Be7 15. Rfd1 Bxh4 16. Nxh4 Rad8 17. Rd6 Qa5 18. Qxa5 Nxa5 19. Rad1 Ba4 20. Rxd8
Bxd1 21. Rxd1 Rc8 22. h3 g5 23. Nf3 Rc2 24. Rd2 Rc1+ 25. Kh2 1-0

[Event "K41 Aabent Mesterskab 2009-10"]
[Site "Valby"]
[Date "2010.02.09"]
[Round "7"]
[White "Gjedde, Thomas"]
[Black "Nielsen, Leonard de Freitas"]
[Result "1/2-1/2"]
[WhiteElo "2057"]
[BlackElo "1930"]
[PlyCount "26"]
[EventDate "2009.??.??"]

1. d4 Nf6 2. Nf3 e6 3. c4 c5 4. Nc3 cxd4 5. Nxd4 Nc6 6. e4 Qb6 7. Ndb5 Bb4 8.
Be3 Qa5 9. Bd2 a6 10. Na3 Bxa3 11. bxa3 Qxa3 12. Be2 O-O 13. O-O Rd8 1/2-1/2

[Event "K41 Aabent Mesterskab 2009-10"]
[Site "Valby"]
[Date "2010.02.09"]
[Round "7"]
[White "Henriksen, Christian"]
[Black "Glibstrup, Jakob"]
[Result "1-0"]
[WhiteElo "1690"]
[BlackElo "1954"]
[PlyCount "63"]
[EventDate "2009.??.??"]

1. d4 Nf6 2. c4 g6 3. Nc3 Bg7 4. e4 d6 5. f3 O-O 6. Be3 e5 7. d5 Nh5 8. g4 Nf4
9. Nge2 f5 10. gxf5 gxf5 11. Qd2 Qh4+ 12. Bf2 Qh5 13. Nxf4 exf4 14. O-O-O Qxf3
15. Rg1 fxe4 16. Bd4 Rf7 17. Nxe4 h6 18. Bxg7 Rxg7 19. Rxg7+ Kxg7 20. Qd4+ Kg8
21. Re1 Nd7 22. Nf6+ Nxf6 23. Qxf6 Bg4 24. Qg6+ Kf8 25. Bd3 Bh5 26. Qxh6+ Kf7
27. Qh7+ Kf8 28. Qe7+ Kg8 29. Bh7+ Kh8 30. Qf6+ Kxh7 31. Re7+ Bf7 32. Rxf7+ 1-0